000 03776nam a2200457 i 4500
001 193186
003 SpMaBN
005 20250808223947.0
007 ta
008 230930s2018a sp | |||| 000 0 spa
015 _aMON18
017 _aM 36358-2018
_bOficina Depósito Legal Madrid
020 _a9788494379390
035 _a(OCoLC)1088422678
035 _aa6399859
040 _aSpMaBN
_bspa
_cSpMaBN
_erda
_dES-MaACL
080 _a005.57
080 _a32:659.3
245 0 0 _aComunicación institucional y política /
_ccoordinador, José Luis Moreno Torres ; [autores], Luis Arroyo Martínez ... [et al.]
264 1 _aBarcelona ;
_aMadrid :
_bFundación Democracia y Gobierno Local,
_c[2018]
300 _a254 páginas :
_bilustraciones (blanco y negro) ;
_c24 cm
336 _aTexto
_2rdacontent
337 _asin mediación
_2rdamedia
338 _avolumen
_2rdacarrier
490 1 _aClaves del gobierno local ;
_v25
500 _aÍndice
504 _aReferencias bibliográficas
520 _aVivimos un momento en el que la inmediatez es un rasgo característico de la comunicación. Todo se conoce en el instante en el que se produce y todo aquello que no se comunica parece no existir. Por todo ello, más que nunca, la comunicación institucional y política se convierte en una prioridad si queremos reconvertir la relación entre sociedad y Administración; ciudadanos y políticos. De ahí la importancia de gestionar correctamente la comunicación desde las instituciones públicas: ¿conocer a quién nos dirigimos?; ¿qué queremos comunicar?; ¿cómo comunicarlo?; y ¿cuándo decir lo que queremos decir? Este trabajo que ahora tienen en sus manos, Comunicación institucional y política, podríamos decir que no es un manual de comunicación, pero sí un texto de cabecera para todos aquellos interesados o responsables en instituciones públicas, en organizaciones de cualquier índole, o que se dediquen al servicio público desde el ámbito político, ya sea a nivel local, en los Gobiernos intermedios (diputaciones, cabildos o consells), regionales o estatales, y que deseen conocer, saber, dejarse aconsejar por los más prestigiosos autores, profesionales y estudiosos de la comunicación a nivel institucional y político en España. En él se repasan y estudian todos aquellos temas que afectan al ámbito de la comunicación institucional, como son: el relato, la construcción del mensaje, el plan estratégico de comunicación, la comunicación institucional como tal, el lenguaje, la red como el empicentro de la estrategia de comunicación, la relación entre las instituciones y los medios de comunicación, el liderazgo emocional, la acción política, la transparencia efectiva como valor público o las peculiaridades de la comunicación en el ámbito local. No tengo duda de que disfrutarán, aprenderán y reflexionarán con la lectura de este trabajo, que no pretende más que servir de apoyo y ayuda a todo aquel que muestre interés por algo tan importante y esencial como es el comunicar bien.
650 4 _aComunicación en las organizaciones
_2embne
_911194
650 4 _aComunicación en política
_2embne
_9234280
700 _aMoreno, José Luis,
_d1968-
_epbl
_eaut
_9234281
700 1 _aArroyo, Luis,
_d1969-
_eaut
_9234072
830 _aClaves del gobierno local ;
_9234282
_v25
852 _aES-MaACL
_9200562
_bR.154592
_jN-9352
_cDEPOJ
_hDonación: Luis Arroyo
_xEncuadernación rústica con solapas
903 _aArroyo, Luis,
_d1969-
_ednr
_9234072
942 _n0
_cMONOGRAFIA
999 _c193186
_d193186